Análisis comparativo transformacional de la cláusula relativa entre el inglés estandar y el inglés criollo limonense
Збережено в:
| Автор: | |
|---|---|
| Формат: | Книга |
| Мова: | Undetermined |
| Опубліковано: |
San José, Costa Rica
Escuela de Filología, Lingüística y Literatura,Universidad de Costa Rica
1982
|
| Предмети: | |
| Теги: |
Додати тег
Немає тегів, Будьте першим, хто поставить тег для цього запису!
|
MARC
| LEADER | 00000nam a2200000Ia 4500 | ||
|---|---|---|---|
| 008 | 170316s9999 xx 000 0 und d | ||
| 040 | |a cru BVZT | ||
| 090 | |a Tesis 13 | ||
| 100 | |a Arroyo Herra, Jorge Arturo y Avellan Sandaño, Rafael Angel | ||
| 245 | |a Análisis comparativo transformacional de la cláusula relativa entre el inglés estandar y el inglés criollo limonense | ||
| 260 | |a San José, Costa Rica | ||
| 260 | |b Escuela de Filología, Lingüística y Literatura,Universidad de Costa Rica | ||
| 260 | |c 1982 | ||
| 300 | |a 84 páginas | ||
| 650 | |a LICENCIATURA EN FILOLOGÍA ESPAÑOLA | ||
| 650 | |a TRABAJO FINAL DE GRADUACIÓN | ||
| 999 | |c 13733 |d 13733 | ||
| 942 | |c TFG |h Tesis 13 |2 z | ||
